| 000 | 00996nac a22003497a 4500 | ||
|---|---|---|---|
| 001 | BR7000936 | ||
| 003 | BR-BrBNA | ||
| 005 | 20240105113410.0 | ||
| 008 | 230509b bl.|||m| |||| 00| 0 por d | ||
| 040 |
_aBR-BrBNA _bpor _cBiblioteca Nacional de Agricultura |
||
| 072 | _aF00 | ||
| 090 | _a2120 BR7000936 | ||
| 100 | 1 | _aMoraes, F.R.P. de | |
| 100 | 1 | _aGoncalves, J.C. | |
| 100 | 1 | _aFranco, C.M. | |
| 110 | 1 | _aCoordenadoria de Assistencia Tecnica Integral, Campinas, SP (Brasil) | |
| 245 | 1 | _aFormacao de novos cafezais [pratica cultural, Sao Paulo, Brasil] | |
| 260 | 3 |
_aCampinas, SP (Brasil): _c1970. |
|
| 300 | _a26 p. | ||
| 490 |
_aInstrucoes Praticas SCR (Brazil) _vno. 70 _x |
||
| 500 | _a21 illus. | ||
| 650 | _aCAFE | ||
| 650 | _aVARIEDADE | ||
| 650 | _aSOLO | ||
| 650 | _aCONSERVACAO DO SOLO | ||
| 650 | _aPLANTIO | ||
| 650 | _aADUBACAO | ||
| 650 | _aCAPINA | ||
| 650 | _aSAO PAULO | ||
| 909 |
_a202312 _bLúcia Elande _c55 _dLúcia Elande |
||
| 942 |
_2AGRIS _n0 _cMS |
||
| 999 |
_c263502 _d263502 |
||